| 000 | 00672nam a2200217 a 4500 | ||
|---|---|---|---|
| 001 | 000042045 | ||
| 005 | 20201002035914.0 | ||
| 008 | 131111s2005 dr a r 000 p spa d | ||
| 020 | _z9993432037 | ||
| 040 |
_aDO-SdBNP _bspa _cBNPHU |
||
| 082 |
_aPe861.44 _bD828e |
||
| 100 | 1 |
_aDuche, G. _969029 |
|
| 245 | 1 | 0 |
_aEsculpir la dura piedra / _cG. Duche. |
| 260 |
_aSanto Domingo : _bArgos, _c2005. |
||
| 300 |
_a148 p. : _bil. ; _c23 cm. |
||
| 500 | _aLa biblioteca posee 3 ejemplares autografiados por el autor | ||
| 590 | _aInventariado, 2018/BT | ||
| 650 | 4 |
_aPoesÃa peruana _915589 |
|
| 650 | 4 |
_aLiteratura peruana _93140 |
|
| 910 | _aValidado. Control de calidad. MFF | ||
| 999 |
_c41534 _d41534 |
||